[Event "Staufer op 32nd"]
[Site "Schwaebisch Gmuend"]
[Date "2020.01.02"]
[Round "1"]
[White "Andre, Wolfgang"]
[Black "Pap, Misa"]
[Result "0-1"]
[WhiteElo "2191"]
[BlackElo "2427"]
[PlyCount "78"]
[EventDate "2020.01.02"]
[EventType "swiss"]
[EventRounds "9"]
[EventCountry "GER"]
[SourceTitle "CBM 194 Extra"]
[Source "ChessBase"]
[SourceDate "2020.03.31"]
[SourceVersion "1"]
[SourceVersionDate "2020.03.31"]
[SourceQuality "1"]

1. e4 c5 2. Nf3 Nc6 3. Nc3 g6 4. d4 cxd4 5. Nxd4 Bg7 6. Be3 Nf6 7. Bc4 0-0 8. Bb3 d6 9. h3 Na5 10. 0-0 b6 11. Re1 Nxb3 12. axb3 Bb7 13. Qd3 a6 14. Rad1 Qc7 15. Bg5 e6 16. Qd2 b5 17. Bh6 b4 18. Bxg7 Kxg7 19. Na4 Bxe4 20. Qxb4 e5 21. Ne2 Rfd8 22. Ng3 Bc6 23. Qd2 h6 24. Nc3 d5 25. Nce2 Qb6 26. Nc1 Re8 27. Nd3 Qc7 28. Qc3 d4 29. Qc5 Nd7 30. Qc4 Qb7 31. f3 Bb5 32. Qb4 a5 33. Qa3 f5 34. Qd6 Ra6 35. Nc5 Nxc5 36. Qxc5 Rc6 37. Qa3 Qb6 38. Kh2 Qc7 39. Rd2 e4 0-1

[Event "Oberliga Nord W 1819"]
[Site "Germany"]
[Date "2019.04.07"]
[Round "9.6"]
[White "Andre, Wolfgang"]
[Black "Kardoeus, David"]
[Result "1/2-1/2"]
[WhiteElo "2193"]
[BlackElo "2191"]
[PlyCount "83"]
[EventDate "2018.10.21"]
[EventType "team-tourn"]
[EventRounds "9"]
[EventCountry "GER"]
[SourceTitle "EXT 2020"]
[Source "ChessBase"]
[SourceDate "2019.10.17"]
[SourceVersion "1"]
[SourceVersionDate "2019.10.17"]
[SourceQuality "1"]
[WhiteTeam "Hellern"]
[BlackTeam "Werder Bremen II"]
[WhiteTeamCountry "GER"]
[BlackTeamCountry "GER"]

1. e4 c5 2. Nf3 Nc6 3. Nc3 Nf6 4. Bb5 Nd4 5. e5 Nxb5 6. Nxb5 Nd5 7. Ng5 f6 8. exf6 Nxf6 9. 0-0 e6 10. d4 Qb6 11. c4 h6 12. Nf3 a6 13. Nc3 cxd4 14. Nxd4 Qc7 15. Qd3 Kf7 16. b3 Bd6 17. Bb2 b6 18. h3 Bb7 19. Rad1 Bh2+ 20. Kh1 h5 21. Nf3 Bf4 22. Ne2 Be4 23. Qc3 d5 24. Nxf4 Qxf4 25. Ne5+ Kg8 26. Nd7 Rh6 27. f3 Bf5 28. Nxf6+ Rxf6 29. cxd5 Rg6 30. Qd2 Qh4 31. Qf2 Qxf2 32. Rxf2 exd5 33. Rxd5 Be6 34. Rxh5 Rd8 35. Re5 a5 36. Kh2 Rd1 37. Rfe2 Bd7 38. R5e4 Bc6 39. Rg4 Rxg4 40. hxg4 Kf7 41. Rc2 Bd7 42. Kg3 1/2-1/2

[Event "Oberliga Nord W 1819"]
[Site "Germany"]
[Date "2019.03.24"]
[Round "8.8"]
[White "Witthaus, Joerg"]
[Black "Andre, Wolfgang"]
[Result "1/2-1/2"]
[WhiteElo "2017"]
[BlackElo "2193"]
[PlyCount "80"]
[EventDate "2018.10.21"]
[EventType "team-tourn"]
[EventRounds "9"]
[EventCountry "GER"]
[SourceTitle "EXT 2020"]
[Source "ChessBase"]
[SourceDate "2019.10.17"]
[SourceVersion "1"]
[SourceVersionDate "2019.10.17"]
[SourceQuality "1"]
[WhiteTeam "Hannover SF"]
[BlackTeam "Hellern"]
[WhiteTeamCountry "GER"]
[BlackTeamCountry "GER"]

1. e4 c5 2. c3 g6 3. d4 cxd4 4. cxd4 d5 5. e5 Nc6 6. Nc3 a6 7. Be3 Be6 8. Qd2 Bg7 9. Nf3 f6 10. exf6 exf6 11. Rc1 Nge7 12. Be2 0-0 13. 0-0 Nf5 14. Rfe1 Re8 15. Na4 Nxe3 16. Qxe3 Bf7 17. Qd2 Bf8 18. Nc5 Qa5 19. Qxa5 Nxa5 20. Nd7 Be7 21. a3 Kg7 22. b4 Rad8 23. Nb6 Nc6 24. Kf1 Bd6 25. g3 a5 26. b5 Nb8 27. Rc3 Nd7 28. Na4 b6 29. Ra1 Rb8 30. Rc6 Bf8 31. Ne1 Rb7 32. Bf3 f5 33. Nc2 Reb8 34. Ne3 Nf6 35. Rc2 Ne4 36. Nc3 Rc7 37. Na4 Rxc2 38. Nxc2 Nd2+ 39. Ke2 Nc4 40. Kd3 Kf6 1/2-1/2

[Event "Oberliga Nord W 1819"]
[Site "Germany"]
[Date "2019.02.03"]
[Round "6.8"]
[White "Brunotte, Peter"]
[Black "Andre, Wolfgang"]
[Result "1/2-1/2"]
[WhiteElo "2009"]
[BlackElo "2193"]
[PlyCount "68"]
[EventDate "2018.10.21"]
[EventType "team-tourn"]
[EventRounds "9"]
[EventCountry "GER"]
[SourceTitle "EXT 2020"]
[Source "ChessBase"]
[SourceDate "2019.10.17"]
[SourceVersion "1"]
[SourceVersionDate "2019.10.17"]
[SourceQuality "1"]
[WhiteTeam "Hameln"]
[BlackTeam "Hellern"]
[WhiteTeamCountry "GER"]
[BlackTeamCountry "GER"]

1. e4 c5 2. Nc3 Nc6 3. g3 g6 4. Bg2 Bg7 5. d3 d6 6. Be3 e5 7. Qd2 h5 8. h3 Nge7 9. f4 Nd4 10. Nd1 h4 11. g4 exf4 12. Bxf4 Nec6 13. c3 Ne6 14. Nf3 Nxf4 15. Qxf4 Ne5 16. Qd2 Bh6 17. Qe2 Be6 18. Ne3 Nxf3+ 19. Bxf3 Qg5 20. Nf5 gxf5 21. exf5 0-0-0 22. fxe6 Rhe8 23. 0-0 Rxe6 24. Qg2 d5 25. Rae1 Rde8 26. Qf2 Qe7 27. Rxe6 fxe6 28. b4 cxb4 29. Qxa7 bxc3 30. Qa5 Kb8 31. Qxc3 Qd6 32. Bg2 Rc8 33. Qf6 Rc2 34. Qxh6 Rxg2+ 1/2-1/2

[Event "GER CupT 1819 prel1"]
[Site "Berlin"]
[Date "2019.01.26"]
[Round "1.2"]
[White "Engers, Felix"]
[Black "Andre, Wolfgang"]
[Result "1-0"]
[WhiteElo "2117"]
[BlackElo "2193"]
[PlyCount "58"]
[EventDate "2019.01.26"]
[EventType "team-k.o."]
[EventRounds "2"]
[EventCountry "GER"]
[SourceTitle "EXT 2021"]
[Source "ChessBase"]
[SourceDate "2020.10.23"]
[SourceVersion "1"]
[SourceVersionDate "2020.10.23"]
[SourceQuality "1"]
[WhiteTeam "Spandau Zitadelle"]
[BlackTeam "Hellern"]
[WhiteTeamCountry "GER"]
[BlackTeamCountry "GER"]

1. c4 Nf6 2. g3 g6 3. Bg2 d5 4. cxd5 Nxd5 5. Nc3 Nb6 6. d3 Bg7 7. Be3 e5 8. Qd2 h6 9. h4 c6 10. 0-0-0 Na6 11. f4 exf4 12. gxf4 Nd5 13. Nxd5 cxd5 14. Nf3 d4 15. Bf2 0-0 16. Kb1 Be6 17. h5 Qb6 18. f5 gxf5 19. Rhg1 Kh7 20. Bh3 Bf6 21. e3 Bxa2+ 22. Ka1 Be6 23. Nxd4 Bxd4 24. exd4 Qb3 25. Qa5 Nb4 26. Bxf5+ Kh8 27. Bxe6 Nc2+ 28. Kb1 Qxe6 29. Kxc2 Rac8+ 1-0

[Event "Oberliga Nord W 1415"]
[Site "Germany"]
[Date "2015.04.12"]
[Round "9.7"]
[White "Hofmann, Oliver"]
[Black "Andre, Wolfgang"]
[Result "1/2-1/2"]
[WhiteElo "1908"]
[BlackElo "2210"]
[PlyCount "42"]
[EventDate "2014.09.22"]
[EventType "team-tourn"]
[EventRounds "9"]
[EventCountry "GER"]
[SourceTitle "EXT 2016"]
[Source "ChessBase"]
[SourceDate "2015.10.08"]
[SourceVersion "1"]
[SourceVersionDate "2015.10.08"]
[SourceQuality "1"]
[WhiteTeam "Lister Turm"]
[BlackTeam "Nordhorn Blanke"]
[WhiteTeamCountry "GER"]
[BlackTeamCountry "GER"]

1. d4 Nf6 2. c4 g6 3. Nc3 d5 4. Nf3 Bg7 5. Bg5 Ne4 6. cxd5 Nxg5 7. Nxg5 e6 8. Qd2 exd5 9. Qe3+ Kf8 10. Qf4 Bf6 11. h4 h6 12. Nf3 Kg7 13. 0-0-0 Be6 14. e4 dxe4 15. Qxe4 c6 16. Be2 Nd7 17. Ne5 Bd5 18. Nxd5 cxd5 19. Qxd5 Nxe5 20. dxe5 Qc7+ 21. Kb1 Qxe5 1/2-1/2

[Event "Oberliga Nord W 1415"]
[Site "Germany"]
[Date "2015.03.15"]
[Round "8.7"]
[White "Andre, Wolfgang"]
[Black "Rust Lux, Klaus"]
[Result "0-1"]
[WhiteElo "2210"]
[BlackElo "2101"]
[PlyCount "126"]
[EventDate "2014.09.22"]
[EventType "team-tourn"]
[EventRounds "9"]
[EventCountry "GER"]
[SourceTitle "EXT 2016"]
[Source "ChessBase"]
[SourceDate "2015.10.08"]
[SourceVersion "1"]
[SourceVersionDate "2015.10.08"]
[SourceQuality "1"]
[WhiteTeam "Nordhorn Blanke"]
[BlackTeam "Bremer SG"]
[WhiteTeamCountry "GER"]
[BlackTeamCountry "GER"]

1. e4 c5 2. Nf3 e6 3. Nc3 d6 4. d4 cxd4 5. Nxd4 Nf6 6. Be3 a6 7. f3 Qc7 8. Qd2 Nc6 9. 0-0-0 Be7 10. g4 0-0 11. g5 Nd7 12. h4 Nde5 13. Be2 Nxd4 14. Bxd4 Nc4 15. Bxc4 Qxc4 16. Kb1 b5 17. h5 Bb7 18. g6 fxg6 19. hxg6 hxg6 20. b3 Qc8 21. Rh8+ Kf7 22. Rh7 e5 23. Be3 Qe6 24. Qg2 Rh8 25. Rhh1 Rxh1 26. Qxh1 Rf8 27. Nd5 Bxd5 28. Rxd5 Qc8 29. Bc1 Rh8 30. Qd1 Qh3 31. Qe2 Qh2 32. Qf1 Qh1 33. Rd1 Qxf1 34. Rxf1 g5 35. Kb2 Ke6 36. Rg1 Rh5 37. a3 d5 38. exd5+ Kxd5 39. Rd1+ Ke6 40. Bd2 Rh3 41. Rf1 Bf6 42. Kc1 Kf5 43. Kd1 Rh2 44. c4 bxc4 45. bxc4 Rh4 46. c5 Rc4 47. Bb4 Be7 48. Kd2 Bxc5 49. Kd3 Rd4+ 50. Kc3 Bxb4+ 51. axb4 Rd6 52. Kc4 Rc6+ 53. Kd5 Rc3 54. Ra1 Rxf3 55. Rxa6 Rb3 56. Kc5 g4 57. Ra7 g5 58. Rf7+ Ke6 59. Rf1 g3 60. Kc4 g2 61. Rg1 Rb2 62. b5 Kf5 63. b6 Rxb6 0-1

[Event "Oberliga Nord W 1415"]
[Site "Germany"]
[Date "2015.01.18"]
[Round "5.7"]
[White "Kuegel, Tobias"]
[Black "Andre, Wolfgang"]
[Result "1/2-1/2"]
[WhiteElo "2156"]
[BlackElo "2210"]
[PlyCount "98"]
[EventDate "2014.09.22"]
[EventType "team-tourn"]
[EventRounds "9"]
[EventCountry "GER"]
[SourceTitle "EXT 2016"]
[Source "ChessBase"]
[SourceDate "2015.10.08"]
[SourceVersion "1"]
[SourceVersionDate "2015.10.08"]
[SourceQuality "1"]
[WhiteTeam "Delmenhorst"]
[BlackTeam "Nordhorn Blanke"]
[WhiteTeamCountry "GER"]
[BlackTeamCountry "GER"]

1. e4 c5 2. c4 e6 3. Ne2 Nc6 4. Nbc3 Nf6 5. d4 cxd4 6. Nxd4 Bb4 7. Nxc6 dxc6 8. Qxd8+ Kxd8 9. Bd2 e5 10. 0-0-0 Ke7 11. f3 Bc5 12. Na4 Bd4 13. Bb4+ Ke8 14. Bc5 Bxc5 15. Nxc5 Ke7 16. g3 Nd7 17. Nd3 f6 18. Bh3 Nf8 19. Bxc8 Rxc8 20. f4 exf4 21. gxf4 Ne6 22. f5 Ng5 23. h4 Nf7 24. Nc5 b6 25. Ne6 g6 26. fxg6 hxg6 27. Nf4 Rh6 28. h5 g5 29. Ne2 Ke6 30. Ng3 Rd8 31. Rxd8 Nxd8 32. Kd2 Nf7 33. Nf5 Rh8 34. Nd4+ Ke5 35. Ke3 Kd6 36. Rf1 c5 37. Nb5+ Ke7 38. Nc3 Rxh5 39. Nd5+ Kf8 40. Nxf6 Rh3+ 41. Ke2 Rh2+ 42. Ke3 Rxb2 43. e5 Nxe5 44. Nd7+ Ke7 45. Nxe5 Rxa2 46. Ng6+ Ke6 47. Nf8+ Ke5 48. Ng6+ Ke6 49. Nf8+ Ke7 1/2-1/2

[Event "Oberliga Nord W 1011"]
[Site "Germany"]
[Date "2010.10.10"]
[Round "1.8"]
[White "Andre, Wolfgang"]
[Black "Stuehmeier, Chris"]
[Result "1-0"]
[WhiteElo "2210"]
[BlackElo "1902"]
[PlyCount "55"]
[EventDate "2010.10.10"]
[EventType "team-tourn"]
[EventRounds "9"]
[EventCountry "GER"]
[SourceTitle "EXT 2012"]
[Source "ChessBase"]
[SourceDate "2011.11.24"]
[SourceVersion "1"]
[SourceVersionDate "2011.11.24"]
[SourceQuality "1"]
[WhiteTeam "Nordhorn Blanke"]
[BlackTeam "Melle III"]
[WhiteTeamCountry "GER"]
[BlackTeamCountry "GER"]

1. e4 c5 2. Nf3 Nc6 3. Nc3 d6 4. d4 cxd4 5. Nxd4 Nf6 6. Bc4 g6 7. Nxc6 bxc6 8. e5 Nd7 9. exd6 exd6 10. 0-0 Be7 11. Bh6 Nb6 12. Bb3 d5 13. a4 Be6 14. Re1 Qd7 15. a5 Nc4 16. Bxc4 dxc4 17. Qf3 0-0-0 18. h3 Qc7 19. a6 Rd7 20. b3 cxb3 21. cxb3 Bb4 22. Bf4 Qb6 23. Rec1 Bxc3 24. Qxc3 Rf8 25. Ra4 Kd8 26. Rb4 Qxa6 27. Rb8+ Ke7 28. Qc5+ 1-0

[Event "Oberliga Nord W 0910"]
[Site "Germany"]
[Date "2010.04.11"]
[Round "9.5"]
[White "Andre, Wolfgang"]
[Black "Steffens, Olaf"]
[Result "1/2-1/2"]
[WhiteElo "2208"]
[BlackElo "2267"]
[PlyCount "33"]
[EventDate "2009.10.18"]
[EventType "team-tourn"]
[EventRounds "9"]
[EventCountry "GER"]
[SourceTitle "EXT 2011"]
[Source "ChessBase"]
[SourceDate "2010.11.26"]
[SourceVersion "1"]
[SourceVersionDate "2010.11.26"]
[SourceQuality "1"]
[WhiteTeam "Nordhorn Blanke"]
[BlackTeam "Werder Bremen II"]
[WhiteTeamCountry "GER"]
[BlackTeamCountry "GER"]

1. e4 g6 2. d4 Bg7 3. Nc3 d6 4. f4 a6 5. Nf3 b5 6. a4 b4 7. Nd5 Nf6 8. Nxf6+ Bxf6 9. e5 Bg7 10. Bc4 d5 11. Bd3 Bg4 12. h3 Bxf3 13. Qxf3 e6 14. Be3 Nd7 15. g4 c5 16. c3 bxc3 17. bxc3 1/2-1/2

[Event "Niedersachsen-ch open"]
[Site "Verden"]
[Date "2010.01.05"]
[Round "5.9"]
[White "Andre, Wolfgang"]
[Black "Schneider, Alexander"]
[Result "1/2-1/2"]
[WhiteElo "2208"]
[BlackElo "1953"]
[PlyCount "68"]
[EventDate "2010.01.03"]
[EventType "swiss"]
[EventRounds "7"]
[EventCountry "GER"]
[SourceTitle "EXT 2012"]
[Source "ChessBase"]
[SourceDate "2011.11.24"]
[SourceVersion "1"]
[SourceVersionDate "2011.11.24"]
[SourceQuality "1"]

1. e4 c6 2. Nf3 d5 3. exd5 cxd5 4. Ne5 a6 5. d4 Nc6 6. Bd3 g6 7. c3 Bg7 8. Qe2 Nf6 9. 0-0 Nxe5 10. dxe5 Ng4 11. Bf4 h5 12. Nd2 Bh6 13. Bxh6 Nxh6 14. Nb3 Qb6 15. h3 Bf5 16. Rad1 e6 17. Nd4 0-0-0 18. b4 Bxd3 19. Qxd3 Nf5 20. Nb3 Kb8 21. a4 Qc7 22. Nc5 d4 23. cxd4 Rxd4 24. Qc3 Rhd8 25. Rc1 Qb6 26. Rc2 Ka7 27. b5 Rc8 28. bxa6 bxa6 29. Rfc1 Rd5 30. Qa3 Nd4 31. Nd7 Rxd7 32. Rxc8 Ne2+ 33. Kf1 Nxc1 34. Rxc1 Qd4 1/2-1/2

[Event "Niedersachsen-ch open"]
[Site "Verden"]
[Date "2010.01.04"]
[Round "3.10"]
[White "Andre, Wolfgang"]
[Black "Grigorian, Spartak"]
[Result "1-0"]
[WhiteElo "2208"]
[BlackElo "1762"]
[PlyCount "83"]
[EventDate "2010.01.03"]
[EventType "swiss"]
[EventRounds "7"]
[EventCountry "GER"]
[SourceTitle "EXT 2012"]
[Source "ChessBase"]
[SourceDate "2011.11.24"]
[SourceVersion "1"]
[SourceVersionDate "2011.11.24"]
[SourceQuality "1"]

1. b3 e5 2. Bb2 Nc6 3. e3 g6 4. Bb5 d6 5. f4 Bg7 6. Nf3 Bg4 7. Bxc6+ bxc6 8. h3 Bxf3 9. Qxf3 Ne7 10. e4 0-0 11. fxe5 dxe5 12. Na3 Nf5 13. 0-0-0 Nd4 14. Qd3 Qe7 15. Kb1 Rfd8 16. Qc4 Rab8 17. c3 Nb5 18. Nc2 a5 19. Ka1 Bh6 20. d3 a4 21. bxa4 Nd6 22. Qc5 Ra8 23. a5 Qe6 24. Nb4 Bf8 25. Nxc6 Nxe4 26. Nxd8 Nxc5 27. Nxe6 Nxe6 28. Rhe1 Rxa5 29. d4 exd4 30. cxd4 Rd5 31. Re5 Rd7 32. Ra5 h5 33. Ra8 Kh7 34. d5 Bg7 35. Bxg7 Kxg7 36. Kb2 Nf4 37. Rd2 Nxd5 38. a4 c5 39. Ka3 Kf6 40. Rc8 Nb6 41. Rc6+ Ke7 42. Re2+ 1-0

[Event "Niedersachsen-ch open"]
[Site "Verden"]
[Date "2010.01.03"]
[Round "2.18"]
[White "Wolf, Fritjof"]
[Black "Andre, Wolfgang"]
[Result "0-1"]
[WhiteElo "1909"]
[BlackElo "2208"]
[PlyCount "52"]
[EventDate "2010.01.03"]
[EventType "swiss"]
[EventRounds "7"]
[EventCountry "GER"]
[SourceTitle "EXT 2012"]
[Source "ChessBase"]
[SourceDate "2011.11.24"]
[SourceVersion "1"]
[SourceVersionDate "2011.11.24"]
[SourceQuality "1"]

1. d4 Nf6 2. c4 g6 3. Nc3 d5 4. cxd5 Nxd5 5. e4 Nxc3 6. bxc3 Bg7 7. Bc4 c5 8. Be3 Nc6 9. Ne2 0-0 10. 0-0 Na5 11. Qd3 Nxc4 12. Qxc4 cxd4 13. cxd4 Bd7 14. Rac1 e6 15. Nf4 a6 16. Qb4 b5 17. d5 exd5 18. Nxd5 a5 19. Qd6 Be6 20. Qxd8 Rfxd8 21. Bb6 Bxd5 22. Bxd8 Bxa2 23. Bc7 b4 24. e5 b3 25. Bd6 b2 26. Rcd1 a4 0-1

[Event "Oberliga Nord W 0910"]
[Site "Germany"]
[Date "2009.10.18"]
[Round "1.6"]
[White "Andre, Wolfgang"]
[Black "Jeske, Mark"]
[Result "1-0"]
[WhiteElo "2208"]
[BlackElo "2135"]
[PlyCount "53"]
[EventDate "2009.10.18"]
[EventType "team-tourn"]
[EventRounds "9"]
[EventCountry "GER"]
[SourceTitle "EXT 2011"]
[Source "ChessBase"]
[SourceDate "2010.11.26"]
[SourceVersion "1"]
[SourceVersionDate "2010.11.26"]
[SourceQuality "1"]
[WhiteTeam "Nordhorn Blanke"]
[BlackTeam "Uelzen Post"]
[WhiteTeamCountry "GER"]
[BlackTeamCountry "GER"]

1. e4 e5 2. Nf3 d6 3. d4 Nd7 4. Bc4 c6 5. Ng5 Nh6 6. a4 Qf6 7. 0-0 exd4 8. f4 Nb6 9. Bb3 Be6 10. Nxe6 fxe6 11. Qh5+ g6 12. Qh3 Kd7 13. a5 Nc8 14. g4 Nf7 15. Nd2 h6 16. Nf3 Bg7 17. e5 dxe5 18. fxe5 Nxe5 19. Nxd4 Qe7 20. Nxe6 Nd6 21. Bf4 Raf8 22. Rad1 Rxf4 23. Rxf4 c5 24. Nxc5+ Kc8 25. a6 b6 26. Ne6 Bf6 27. Qg2 1-0

[Event "Oberliga Nord W 0809"]
[Site "Germany"]
[Date "2009.03.01"]
[Round "7.5"]
[White "Andre, Wolfgang"]
[Black "Schulze, Torben"]
[Result "1/2-1/2"]
[WhiteElo "2204"]
[BlackElo "2211"]
[PlyCount "24"]
[EventDate "2008.10.05"]
[EventType "team-tourn"]
[EventRounds "9"]
[EventCountry "GER"]
[SourceTitle "EXT 2010"]
[Source "ChessBase"]
[SourceDate "2010.11.25"]
[SourceVersion "1"]
[SourceVersionDate "2010.11.25"]
[SourceQuality "1"]
[WhiteTeam "Nordhorn Blanke"]
[BlackTeam "Hannover PSC"]
[WhiteTeamCountry "GER"]
[BlackTeamCountry "GER"]

1. e4 c5 2. Nf3 Nc6 3. Nc3 Nf6 4. Bb5 g6 5. e5 Ng4 6. Bxc6 dxc6 7. h3 Nh6 8. g4 Bg7 9. d3 f5 10. g5 Nf7 11. Bf4 Be6 12. Qe2 Qa5 1/2-1/2

[Event "Oberliga Nord W 0809"]
[Site "Germany"]
[Date "2008.12.14"]
[Round "4.6"]
[White "Andre, Wolfgang"]
[Black "Schuette, Marc"]
[Result "1/2-1/2"]
[WhiteElo "2204"]
[BlackElo "2204"]
[PlyCount "28"]
[EventDate "2008.10.05"]
[EventType "team-tourn"]
[EventRounds "9"]
[EventCountry "GER"]
[SourceTitle "EXT 2010"]
[Source "ChessBase"]
[SourceDate "2010.11.25"]
[SourceVersion "1"]
[SourceVersionDate "2010.11.25"]
[SourceQuality "1"]
[WhiteTeam "Nordhorn Blanke"]
[BlackTeam "Oldenburg Union"]
[WhiteTeamCountry "GER"]
[BlackTeamCountry "GER"]

1. e4 e6 2. d4 d5 3. Nd2 Nc6 4. Ngf3 Nf6 5. e5 Nd7 6. Bd3 f6 7. Ng5 Ndxe5 8. dxe5 fxg5 9. Qh5+ g6 10. Bxg6+ Kd7 11. c3 Nxe5 12. Bc2 Bd6 13. Nb3 h6 14. f4 gxf4 1/2-1/2

[Event "Oberliga Nord W 0708"]
[Site "Germany"]
[Date "2007.10.21"]
[Round "1.5"]
[White "Cordes, Klaus"]
[Black "Andre, Wolfgang"]
[Result "1-0"]
[WhiteElo "2241"]
[BlackElo "2219"]
[PlyCount "61"]
[EventDate "2007.10.21"]
[EventType "team-tourn"]
[EventRounds "9"]
[EventCountry "GER"]
[SourceTitle "EXT 2009"]
[Source "ChessBase"]
[SourceDate "2008.11.26"]
[SourceVersion "1"]
[SourceVersionDate "2008.11.26"]
[SourceQuality "1"]
[WhiteTeam "Hannover Post"]
[BlackTeam "Nordhorn Blanke"]
[WhiteTeamCountry "GER"]
[BlackTeamCountry "GER"]

1. Nf3 g6 2. c4 f5 3. g3 Nf6 4. b3 Bg7 5. Bb2 0-0 6. Bg2 d6 7. 0-0 e5 8. d3 a5 9. a3 Na6 10. b4 h6 11. Nc3 Kh7 12. Nd2 c6 13. b5 Nb8 14. bxc6 bxc6 15. Qb3 Ra6 16. c5 dxc5 17. Na4 Nbd7 18. Rac1 Re8 19. Qf7 Re7 20. Qa2 Re8 21. Nxc5 Nxc5 22. Rxc5 e4 23. Bxf6 Qxf6 24. dxe4 Qd4 25. Qc2 Rb6 26. e3 Qd6 27. Rxa5 Rb2 28. Nc4 Rxc2 29. Nxd6 Rd8 30. Nxc8 Rxc8 31. exf5 1-0

[Event "Oberliga Nord W 0506"]
[Site "Germany"]
[Date "2006.04.02"]
[Round "9.4"]
[White "Heinsohn, Thomas"]
[Black "Andre, Wolfgang"]
[Result "0-1"]
[WhiteElo "2193"]
[BlackElo "2242"]
[PlyCount "44"]
[EventDate "2005.10.23"]
[EventType "team-tourn"]
[EventRounds "9"]
[EventCountry "GER"]
[SourceTitle "CBM 111 Extra"]
[Source "ChessBase"]
[SourceDate "2006.05.09"]
[SourceVersion "1"]
[SourceVersionDate "2006.05.09"]
[SourceQuality "1"]
[WhiteTeam "Delmenhorst"]
[BlackTeam "Nordhorn Blanke"]
[WhiteTeamCountry "GER"]
[BlackTeamCountry "GER"]

1. c4 f5 2. Nc3 Nf6 3. g3 g6 4. Bg2 Bg7 5. e3 0-0 6. Nge2 d6 7. d4 e5 8. dxe5 dxe5 9. Qxd8 Rxd8 10. Nd5 Nxd5 11. Bxd5+ Kh8 12. Bg2 Na6 13. Bd2 Nc5 14. Nc1 e4 15. Rb1 Na4 16. b4 Nb2 17. Bf1 Be6 18. c5 Rd7 19. Nb3 Bxb3 20. axb3 Rad8 21. Bc1 Bc3+ 22. Ke2 Rd2+ 0-1

[Event "Oberliga Nord W 0506"]
[Site "Germany"]
[Date "2006.03.12"]
[Round "8.4"]
[White "Andre, Wolfgang"]
[Black "Boehme, Arne"]
[Result "0-1"]
[WhiteElo "2242"]
[BlackElo "2146"]
[PlyCount "60"]
[EventDate "2005.10.23"]
[EventType "team-tourn"]
[EventRounds "9"]
[EventCountry "GER"]
[SourceTitle "CBM 111 Extra"]
[Source "ChessBase"]
[SourceDate "2006.05.09"]
[SourceVersion "1"]
[SourceVersionDate "2006.05.09"]
[SourceQuality "1"]
[WhiteTeam "Nordhorn Blanke"]
[BlackTeam "Jever"]
[WhiteTeamCountry "GER"]
[BlackTeamCountry "GER"]

1. f4 d5 2. Nf3 Nf6 3. g3 c5 4. Bg2 Nc6 5. 0-0 e6 6. d3 Bd6 7. Qe1 0-0 8. e4 dxe4 9. dxe4 e5 10. f5 b6 11. c3 Qc7 12. Qe2 Bb7 13. a4 Na5 14. Nfd2 c4 15. Na3 Bxa3 16. Rxa3 Rfd8 17. Re1 Rd7 18. Nf1 h6 19. g4 Nb3 20. h4 Nxc1 21. Rxc1 Qc5+ 22. Kh1 Rad8 23. b4 cxb3 24. Rxb3 Bc6 25. g5 hxg5 26. hxg5 Nh7 27. g6 fxg6 28. fxg6 Nf8 29. Bh3 Rd6 30. Bf5 Nxg6 0-1

[Event "Oberliga Nord W 0506"]
[Site "Germany"]
[Date "2006.01.15"]
[Round "5.4"]
[White "Gottschlich, Carsten"]
[Black "Andre, Wolfgang"]
[Result "1/2-1/2"]
[WhiteElo "2363"]
[BlackElo "2242"]
[PlyCount "26"]
[EventDate "2005.10.23"]
[EventType "team-tourn"]
[EventRounds "9"]
[EventCountry "GER"]
[SourceTitle "CBM 111 Extra"]
[Source "ChessBase"]
[SourceDate "2006.05.09"]
[SourceVersion "1"]
[SourceVersionDate "2006.05.09"]
[SourceQuality "1"]
[WhiteTeam "Goettingen"]
[BlackTeam "Nordhorn Blanke"]
[WhiteTeamCountry "GER"]
[BlackTeamCountry "GER"]

1. d4 f5 2. Nf3 Nf6 3. g3 g6 4. Bg2 Bg7 5. b3 0-0 6. 0-0 d6 7. Bb2 Qe8 8. c4 Na6 9. Qc2 Rb8 10. Nbd2 b5 11. cxb5 Qxb5 12. Rfc1 c5 13. Nc4 Nb4 1/2-1/2

[Event "Oberliga Nord W 0506"]
[Site "Germany"]
[Date "2005.11.27"]
[Round "3.4"]
[White "Andre, Wolfgang"]
[Black "Baeumler, Ilja"]
[Result "0-1"]
[WhiteElo "2242"]
[BlackElo "2185"]
[PlyCount "56"]
[EventDate "2005.10.23"]
[EventType "team-tourn"]
[EventRounds "9"]
[EventCountry "GER"]
[SourceTitle "CBM 111 Extra"]
[Source "ChessBase"]
[SourceDate "2006.05.09"]
[SourceVersion "1"]
[SourceVersionDate "2006.05.09"]
[SourceQuality "1"]
[WhiteTeam "Nordhorn Blanke"]
[BlackTeam "Uelzen Post"]
[WhiteTeamCountry "GER"]
[BlackTeamCountry "GER"]

1. e4 e6 2. Nf3 d5 3. e5 c5 4. b4 cxb4 5. a3 Nh6 6. axb4 Bxb4 7. c3 Be7 8. d4 Nf5 9. g4 Nh4 10. Nxh4 Bxh4 11. Bd3 Bd7 12. 0-0 Be7 13. f4 h5 14. f5 Bg5 15. f6 gxf6 16. Bxg5 fxg5 17. gxh5 Qe7 18. Rf6 Bc6 19. Qf3 g4 20. Qf4 Rxh5 21. Qxg4 Rh8 22. Nd2 Rf8 23. Bg6 Kd8 24. Raf1 Be8 25. Bh5 Nd7 26. R6f4 f5 27. exf6 Nxf6 28. Qh4 Rg8+ 0-1

[Event "Oberliga Nord W 0506"]
[Site "Germany"]
[Date "2005.11.13"]
[Round "2.3"]
[White "Andre, Wolfgang"]
[Black "Renner, Kai"]
[Result "1-0"]
[WhiteElo "2242"]
[BlackElo "2210"]
[PlyCount "45"]
[EventDate "2005.10.23"]
[EventType "team-tourn"]
[EventRounds "9"]
[EventCountry "GER"]
[SourceTitle "CBM 111 Extra"]
[Source "ChessBase"]
[SourceDate "2006.05.09"]
[SourceVersion "1"]
[SourceVersionDate "2006.05.09"]
[SourceQuality "1"]
[WhiteTeam "Nordhorn Blanke"]
[BlackTeam "Hameln"]
[WhiteTeamCountry "GER"]
[BlackTeamCountry "GER"]

1. Nf3 f5 2. d3 Nf6 3. e4 d6 4. e5 dxe5 5. Nxe5 e6 6. d4 c5 7. Bb5+ Nbd7 8. 0-0 Qb6 9. Qe2 cxd4 10. a4 a6 11. Nc4 Qc5 12. Qxe6+ Kd8 13. Bxd7 Bxd7 14. Qb6+ Kc8 15. Qb3 Nd5 16. Re1 b5 17. axb5 Bxb5 18. Nba3 Rb8 19. Nxb5 axb5 20. Re8+ Kb7 21. Rxb8+ Kxb8 22. Ne5 Bd6 23. Nd7+ 1-0